Inter-state variation in urban growth in India: The issue of statutory and census towns (Record no. 518214)

000 -LEADER
fixed length control field 00521nam a22001337a 4500
008 - FIXED-LENGTH DATA ELEMENTS--GENERAL INFORMATION
fixed length control field 210830b ||||| |||| 00| 0 eng d
100 ## - MAIN ENTRY--PERSONAL NAME
Personal name Tewari, Surya
245 ## - TITLE STATEMENT
Title Inter-state variation in urban growth in India: The issue of statutory and census towns
260 ## - PUBLICATION, DISTRIBUTION, ETC. (IMPRINT)
Place of publication, distribution, etc Urban India: A Journal of the National Institute of Urban Affairs
300 ## - PHYSICAL DESCRIPTION
Extent 40(3), Jul-Dec, 2020: p.103-117
773 ## - HOST ITEM ENTRY
Main entry heading Urban India: A Journal of the National Institute of Urban Affairs
906 ## - LOCAL DATA ELEMENT F, LDF (RLIN)
Subject DIP URBAN DEVELOPMENT
942 ## - ADDED ENTRY ELEMENTS (KOHA)
Item type Articles
Holdings
Withdrawn status Lost status Source of classification or shelving scheme Damaged status Not for loan Permanent location Current location Date acquired Serial Enumeration / chronology Barcode Date last seen Koha item type
          Indian Institute of Public Administration Indian Institute of Public Administration 2021-08-30 40(3), Jul-Dec, 2020: p.103-117 AR125398 2021-08-30 Articles

Powered by Koha